|
|
|
|
| LEADER |
01176nam a2200277 a 4500 |
| 001 |
13040556 |
| 008 |
110302r20092003enka b 001 0 eng d |
| 010 |
|
|
|a 2002041688
|
| 020 |
|
|
|a 0521806860
|
| 020 |
|
|
|a 9780521806862
|
| 020 |
|
|
|a 9780521121460
|
| 040 |
|
|
|a DLC
|c DLC
|d DLC
|d BD-DhAAL
|
| 082 |
0 |
0 |
|a 511/.6
|2 21
|
| 100 |
1 |
|
|a Pemmaraju, Sriram V.,
|d 1966-
|
| 245 |
1 |
0 |
|a Computational discrete mathematics :
|b combinatorics and graph theory with Mathematica /
|c Sriram Pemmaraju, Steven Skiena.
|
| 260 |
|
|
|a Cambridge, U.K. ;
|a New York :
|b Cambridge University Press,
|c 2003.[Reprinted 2009]
|
| 300 |
|
|
|a xiii, 480 p. :
|b ill. ;
|c 25 cm.
|
| 504 |
|
|
|a Includes bibliographical references (p. 448-457) and index.
|
| 541 |
1 |
|
|e 00021991
|
| 630 |
0 |
0 |
|a Combinatorica (Computer file)
|
| 650 |
|
0 |
|a Combinatorial analysis
|x Data processing.
|
| 650 |
|
0 |
|a Graph theory
|x Data processing.
|
| 700 |
1 |
|
|a Skiena, Steven S.
|
| 852 |
4 |
|
|a Ayesha Abed Library
|j General shelf
|
| 999 |
|
|
|c 10500
|d 10500
|
| 952 |
|
|
|0 0
|1 0
|2 ddc
|4 0
|6 511_600000000000000_PEM
|7 0
|9 14522
|a BRACUL
|b BRACUL
|c GEN
|d 2011-03-02
|e Karim International
|g 2800.00
|l 2
|m 31
|o 511.6 PEM
|p 3010021991
|r 2022-04-18
|s 2019-10-26
|t 1
|w 2011-03-02
|y BK
|